| 000 | 01116cam a22003134a 4500 | ||
|---|---|---|---|
| 001 | 12496754 | ||
| 003 | OSt | ||
| 005 | 20140310182733.0 | ||
| 008 | 010808s2001 caua 001 0 eng | ||
| 010 | _a 2001094593 | ||
| 020 | _a0782140335 | ||
| 040 |
_aDLC _cDLC _dDLC |
||
| 042 | _apcc | ||
| 050 | 0 | 0 |
_aQA 76.76.H94 _b.X4183 2001 |
| 245 | 0 | 0 |
_aXML complete / _c[editors, Pat Coleman ... et al.]. |
| 260 |
_aSan Francisco, CA : _bSybex, _c2001. |
||
| 300 |
_a975 p. : _bill. ; _c21 cm. |
||
| 500 | _aIncludes index. | ||
| 521 | _aIT | ||
| 650 | 0 | _aXML (Document markup language) | |
| 700 | 1 | _aColeman, Pat. | |
| 710 | 2 | _aSybex Inc. | |
| 856 | 4 | 2 |
_3Publisher description _uhttp://www.loc.gov/catdir/enhancements/fy0611/2001094593-d.html |
| 856 | 4 | 2 |
_3Contributor biographical information _uhttp://www.loc.gov/catdir/enhancements/fy0714/2001094593-b.html |
| 906 |
_a7 _bcbc _corignew _d2 _eepcn _f20 _gy-gencatlg |
||
| 942 |
_2lcc _cBK _kFOR |
||
| 999 |
_c15482 _d15482 |
||